All Formula 1 Red Bull Drivers - Statistics

General Stats
  • This quiz has been taken 526 times
  • The average score is 9 of 12
Answer Stats
Races for Red Bull Driver % Correct
162 Verstappen
99%
113 Vettel
98%
66 Perez
94%
100 Ricciardo
91%
129 Webber
88%
26 Albon
87%
12 Gasly
87%
21 Kvyat
73%
71 Coulthard
66%
28 Klien
31%
4 Liuzzi
28%
3 Doornbos
17%
No matching quizzes found
Score Distribution
Percent of People with Each Score
Percentile by Number Answered
Your Score History
You have not taken this quiz